00983cam a22002531 450000100060000000300080000600500170001400800410003103500190007203500180009104000440010904100080015308200220016110000380018324500960022126000390031730000510035650400770040765000410048465000340052594200120055999900170057195201410058811869BD-RjUL20211208235209.0140127s1956 enkab b 001 0 eng  a(BD-RjUL)11918 a(OCoLC)808256 aDLCcOClUdOCoLCdUkdDLCdBD-RjULbeng aeng a630.966bSCS 19561 aSchlippe, Pierre ded1904-93677210aShifting cultivation in Africa :bthe Zande system of agriculture /cby Pierre De Schlippe. aLondon :bRoutledge & Paul,c1956. axxxi, 304 p. :billus., maps, plates ;c23 cm. aBibliographical references included in "Notes" (p. [245]-291) and index. 0aAgriculturezAfrica, Central.936773 0aZande (African people)924688 2ddccBK c11869d11869 00102ddc40718NFICaRUCLbRUCLcReadingd1965-11-27eZeitlingerg42.00l0o630.966 SCS 1956r2014-01-27 00:00:00tC-1w2014-01-27yBK